logo

Bir Sreshtho Munshi Abdur Rouf Library
Jhenaidah Cadet College

Readin in Human Development / (Record no. 7423)

MARC details
000 -LEADER
fixed length control field 00911cam a2200289 i 4500
001 - CONTROL NUMBER
JCCL Control Number 7423
003 - CONTROL NUMBER IDENTIFIER
JCCL marc code BD-JhCC
005 - DATE AND TIME OF LATEST TRANSACTION
control field 20180418174435.0
008 - FIXED-LENGTH DATA ELEMENTS--GENERAL INFORMATION
fixed length control field 790213s1977 at a b 00010 eng d
020 ## - INTERNATIONAL STANDARD BOOK NUMBER
International Standard Book Number 0868560340
Terms of availability unpriced
035 ## - SYSTEM CONTROL NUMBER
system control number (BD-JhCC)7423
035 ## - SYSTEM CONTROL NUMBER
system control number 1302460
040 ## - CATALOGING SOURCE
Original cataloging agency BD-JhCC
Modifying agency BD-JhCC
041 ## - LANGUAGE CODE
Language code of Book eng
082 0# - DEWEY DECIMAL CLASSIFICATION NUMBER
Classification number 301
Author mark and Year REA 1969
245 00 - TITLE STATEMENT
Title Readin in Human Development /
Statement of responsibility, etc Harold W. Bernard, Wesley C. Huckins
260 ## - PUBLICATION, DISTRIBUTION, ETC. (IMPRINT)
Place of publication, distribution, etc [Brisbane] :
Name of publisher, distributor, etc [Kelvin Grove College of Advanced Education],
Date of publication, distribution, etc [1977].
300 ## - PHYSICAL DESCRIPTION
Pagination 38 leaves :
Other physical details ill., graphs ;
Dimensions 30cm.
500 ## - GENERAL NOTE
General note Cover title.
504 ## - BIBLIOGRAPHY, ETC. NOTE
Bibliography, etc Bibliography: leaves 1-11.
650 #7 - SUBJECT ADDED ENTRY--TOPICAL TERM
Topical term or geographic name as entry element Secondary schools. Curriculum subjects: Sociology. Books. For teaching.
650 #0 - SUBJECT ADDED ENTRY--TOPICAL TERM
Topical term or geographic name as entry element Sociology
General subdivision Study and teaching (Secondary)
700 ## - ADDED ENTRY--PERSONAL NAME
Personal name Bernard, Harold W.
700 ## - ADDED ENTRY--PERSONAL NAME
Personal name Huckins, Wesley C.
942 ## - ADDED ENTRY ELEMENTS (KOHA)
Source of classification or shelving scheme Dewey Decimal Classification
Koha item type Books
Holdings
Source of classification or shelving scheme Damaged status Not for loan Home library Current library Shelving location Total Checkouts Full call number Barcode Date last seen Copy number Koha item type
Dewey Decimal Classification     JCC Rouf Library JCC Rouf Library General Stacks   301 REA 1969 1079 02/10/2018 C - 1 Books

JCC Library | Contacts | JCC Home

Last Update on 23 September 2017
Copyright @ 2017-2020 JCC Rouf Library
Rouf Library, Jhenidah Cadet College (JCC), Bangladesh